Plasmid DNA from Streptomyces aureofaciens: isolation by column chromatography and some properties ; Andrej Godány, Eva Zelinková, Ján Zelinka, Jitka Štokrová

Bibliographic Details
Main Authors: Godány, Andrej, 1949- (Author), Zelinková, Eva (Author), Zelinka, Ján, 1922-2009 (Author), Štokrová, Jitka (Author)
Format: Article
Language:English
PhysicalDescription:Tb. 1. Obr. 4. Res. rus., angl.
Subjects:

MARC

LEADER 00000nab a2200000 a 4500
001 vtls000106852
003 SK-MaSNL
005 20260303122627.0
008 230213c1981 xo 0 eng
015 |a SNBRB19rr/mm-uuuuu 
035 |a CL0116955 
040 |a SNKBUCL  |b slo  |c SNKBUCL  |e AACR2 
041 0 |a eng 
044 |a xo  |c SK 
080 |a 577  |2 1981 
080 |a 579  |2 1981 
100 1 |a Godány, Andrej,  |d 1949-  |4 aut  |9 39814 
245 1 0 |a Plasmid DNA from Streptomyces aureofaciens: isolation by column chromatography and some properties ; Andrej Godány, Eva Zelinková, Ján Zelinka, Jitka Štokrová 
300 |b Tb. 1. Obr. 4. Res. rus., angl. 
650 0 7 |a kyselina dezoxyribonukleová  |2 snkbucl  |9 1137445 
650 0 7 |a Streptomyces aureofaciens  |2 snkbucl  |9 739936 
655 7 |a články z novín a časopisov  |2 snkbucl  |9 267496 
700 1 |a Zelinková, Eva  |4 aut  |9 282240 
700 1 |a Zelinka, Ján,  |d 1922-2009  |4 aut  |9 198056 
700 1 |a Štokrová, Jitka  |4 aut  |9 1137446 
773 0 |t Biológia  |g Roč. 36, č. 12 (1981), s. 1179-1187 
850 |a Slovenská národná knižnica v Martine  |a MTA001 
852 |a SNK  |b KIS3GCP 
954 |a odborná, vedecká literatúra pôvodná (slovenská)  |2 lita 
954 |a odborná, vedecká literatúra cudzojazyčná (svetová)  |2 lita 
958 |a RK 
958 |a MI 
958 |a OND 
958 |a EUIPO 
958 |a article2022 
992 |a RBX 
999 |c 1921868  |d 1923798